Der Schuh des Manitu - Zitate - Statistiken

Allgemein
  • Dieses Quiz wurde 70 mal gespielt
  • Das Durchschnittsergebnis liegt bei 7 aus 10
Antwortstatistiken
Hint Antwort % Korrekt
So, jetzt geht noch mal jeder aufs ___ und dann reiten wir los! Klo
98%
Genau, äh, darf ich kurz vorstellen: Falscher ____, Santa Maria, Santa Maria, Ranger, Ranger, Santa Maria, Ranger, Hase, Santa, Hase - Häuptlingssohn vom Stamme der Schoschonen. Hase
95%
Ich bin mit der ______________ unzufrieden! Gesamtsituation
90%
Grabt den __________ aus! Klappstuhl
89%
Schön langsam, _________, sonst kotzt du wieder alles voll! Jacqueline
75%
Habt ihr noch einen letzten Wunsch? – Ja, das Lied aus der _______________-Werbung! Superperforator
67%
Mein Grossvater Grauer Star nannte mich liebevoll den kleinsten gemeinsamen ______. Teiler
59%
John hat sich meinen ______________ in den Popo gesteckt Kugelschreiber
48%
Indianer! – ______. Servus
41%
Oh nein, _______ hat schon wieder einen fahren lassen Jeffrey
30%
Keine übereinstimmenden Quizze gefunden
Verteilung der Resultate
Anzahl Personen mit jedem Resultat
Perzentil nach korrekt beantworteten Fragen
Ihre Resultats-Entwicklung
Sie haben dieses Quiz noch nicht gespielt